Statistics for Kansai International Airport Destinations (Osaka, Japan)

Click here to take the quiz!

General Stats

  • This quiz has been taken 26 times
  • The average score is 62 of 77

Answer Stats

AirlineDetination% Correct
KLMAmsterdam
100%
Japan Airlines/Peach Aviation/Thai AirAsia X/Thai Airways InternationalBangkok (Suvarnabhumi)
100%
Air China/All Nippon Airways/Hainan AirlinesBeijing (Capital)
100%
China Southern AirlinesBeijing (Daxing)
100%
Air Busan/Jeju Air/Jin Air/T'way AirBusan
100%
Qatar AirwaysDoha
100%
EmiratesDubai (International)
100%
VietJet Air/Vietnam AirlinesHanoi
100%
All Nippon Airways/Cathay Pacific/Greater Bay Airlines/HK Express/Hong Kong Airlines/Jetstar Japan/Peach AviationHong Kong
100%
T'way AirJeju
100%
Air MacauMacau
100%
LufthansaMunich
100%
Air FranceParis (Charles de Gaulle)
100%
Air China/All Nippon Airways/China Eastern Airlines/China Southern Airlines/Juneyao Air/Peach Aviation/Spring AirlinesShanghai (Pudong)
100%
Scoot/Singapore AirlinesSingapore
100%
Batik Air Malaysia/Cathay Pacific/China Airlines/EVA Air/Japan Airlines/Jetstar Japan/Peach Aviation/Starlux Airlines/Tigerair TaiwanTaipei (Taoyuan)
100%
All Nippon Airways/ANA Wings/Japan Airlines/StarFlyerTokyo (Haneda)
100%
Jetstar Japan/Peach AviationTokyo (Narita)
100%
Air CanadaVancouver
100%
EgyptairCairo
94%
Sichuan AirlinesChengdu (Tianfu)
94%
West AirChongqing
94%
Vietnam AirlinesDa Nang
94%
China Southern AirlinesGuangzhou
94%
VietJet Air/Vietnam AirlinesHo Chi Minh City
94%
Turkish AirlinesIstanbul
94%
AirAsia X/Batik Air Malaysia/Malaysia AirlinesKuala Lumpur (International)
94%
Japan AirlinesLos Angeles
94%
Cebu Pacific/Philippine Airlines/Philippines AirAsiaManila
94%
AeroflotMoscow (Sheremetyevo)
94%
All Nippon Airways/ANA Wings/Japan Transocean Air/Jetstar Japan/Peach AviationNaha
94%
United AirlinesSan Francisco
94%
All Nippon Airways/ANA Wings/Japan Airlines/Jetstar Japan/Peach AviationSapporo (Chitose)
94%
Asiana Airlines/Jeju Air/Korean AirSeoul (Gimpo)
94%
Air Busan/Air Seoul/Asiana Airlines/Jeju Air/Jin Air/Korean Air/Peach Aviation/T'way AirSeoul (Incheon)
94%
XiamenAirXiamen
94%
T'way AirDaegu
88%
All Nippon Airways/China Southern AirlinesDalian
88%
Jetstar Japan/Peach AviationFukuoka
88%
Air China/Beijing Capital Airlines/Loong Air/Okay AirlinesHangzhou
88%
FinnairHelsinki
88%
China Airlines/EVA Air/Peach Aviation/Tigerair TaiwanKaohsiung
88%
All Nippon Airways/China Eastern Airlines/Juneyao Air/Shandong Airlines/Shanghai AirlinesQingdao
88%
Peach AviationSendai
88%
Air China/Okay Airlines/Tianjin AirlinesTianjin
88%
Juneyao AirWuhan
88%
Thai VietJet AirChiang Mai
81%
AirAsia X/Hawaiian Airlines/Japan AirlinesHonolulu
81%
Peach AviationNagasaki
81%
Juneyao AirNanjing
81%
China Southern Airlines/Spring AirlinesShenyang
81%
MIAT Mongolian AirlinesUlaanbaatar
81%
Juneyao Air/Okay AirlinesChangsha
75%
Jeju Air/T'way Air/United AirlinesGuam
75%
Peach AviationKagoshima
75%
China Southern Airlines/Juneyao AirHarbin
69%
Juneyao AirWenzhou
69%
All Nippon Airways/Japan Transocean Air/Peach AviationIshigaki
63%
Peach AviationMiyazaki
63%
JetstarCairns
56%
Juneyao AirChangzhou
56%
Shandong AirlinesJinan
56%
Jetstar JapanKochi (Ryoma)
56%
Jetstar JapanKumamoto
56%
Peach AviationNiigata
56%
Asiana AirlinesSaipan
56%
Shenzhen AirlinesWuxi
56%
West AirZhengzhou
56%
Jeju Air/T'way AirMuan
50%
Jeju Air/T'way AirCheongju
44%
Hebei AirlinesShijiazhuang
44%
Peach AviationAmami Oshima
31%
Peach AviationKushiro
31%
Okay AirlinesLinyi
31%
Peach AviationMemanbetsu
31%
All Nippon Airways/ANA WingsMiyako
31%
Jetstar JapanShimojishima
31%

Score Distribution

Percentile by Number Answered

Percent of People with Each Score

Your Score History

You have not taken this quiz